MARC

Tag First Indicator Second Indicator Subfields
LEADER 00000cam a2200000 a 4500
001 in00000074638
005 20151008053615.0
008 811027s1981 nyuh b 00010 eng
010 |a  81050465  
020 |a 0800842863 
035 |a (OCoLC)07947052 
035 |9 AAH8001AM 
039 0 |a 2  |b 3  |c 3  |d 3  |e 3 
040 |a DLC  |c DLC  |d TXA  |d UtOrBLW 
043 |a e-it--- 
049 |a TXAM  |c [985457] 
050 0 0 |a Z43.A3  |b H33 
082 0 |a 745.6/1977  |2 19 
100 1 |a Harvard, Stephen. 
245 1 3 |a An italic copybook :  |b the Cataneo manuscript /  |c by Stephen Harvard. 
250 |a 1st ed. 
264 1 |a New York, N.Y. :  |b Published for the Dept. of Printing and Graphic Arts of the Houghton Library, Harvard University and the Newberry Library by Taplinger Pub. Co.,  |c 1981. 
300 |a 55 pages :  |b facisms. ;  |c 23 x 26 cm. 
336 |a text  |b txt  |2 rdacontent 
337 |a unmediated  |b n  |2 rdamedia 
338 |a volume  |b nc  |2 rdacarrier 
490 1 |a Studies in the history of calligraphy ;  |v 5 
500 |a "A Pentalic book." 
504 |a Includes bibliographical references. 
600 1 0 |a Cataneo, Bernardino. 
650 0 |a Calligraphy  |x Early works to 1800. 
650 0 |a Italics  |x Early works to 1800. 
650 0 |a Manuscripts, Italian  |v Facsimiles. 
700 1 |a Cataneo, Bernardino. 
830 0 |a Studies in the history of calligraphy ;  |v 5. 
999 |a MARS 
999 f f |s d70328c0-5595-33fb-8c49-221f1f555b01  |i a8e548a8-8c7e-335f-b3ba-940b6de6487f  |t 0 
952 f f |p ric  |a Texas A&M University  |b Rellis Campus  |c Joint Library Facility  |d Remote Storage  |t 0  |e Z43.A3 H33  |h Library of Congress classification  |i unmediated -- volume  |m A14806261813 
998 f f |a Z43.A3 H33  |t 0  |l Remote Storage